Código penal de la República Argentina /

Guardado en:
Otros Autores: Parada, Ricardo, (comp.), Errecaborde, José, (comp.)
Formato: Libro
Idioma:Spanish
Publicado: Ciudad Autónoma de Buenos Aires : Erreius, 2015.
Edición:1a. ed.
Materias:
Etiquetas: Agregar Etiqueta
Sin Etiquetas, Sea el primero en etiquetar este registro!
LEADER 00737nam a22002055a 4500
001 DER.der014384
008 191107s2015####ag############000#0#spa#d
005 20240902091558.0
245 1 0 |a Código penal de la República Argentina /  |c Argentina. 
250 |a 1a. ed. 
260 |a Ciudad Autónoma de Buenos Aires :  |b Erreius,  |c 2015. 
300 |a 576 p. 
501 |a Incluye: Código Procesal Penal de la Nación, Constitución Nacional y Tratados Internacionales. 
020 |a 9789870117797 
240 1 0 |a Argentina - Códigos 
700 1 |a Parada, Ricardo,  |e comp. 
700 1 |a Errecaborde, José,  |e comp. 
650 7 |a DERECHO PENAL 
859 |a DERECHO  |b BIB. DERECHO  |h 348.023  |i COD  |p 009656 
859 |a DERECHO  |b BIB. DERECHO  |h 348.023  |i COD  |p 009657  |t 1